• 首页
  • 本馆介绍
  • 公告通知
  • 最新文献
  • 馆藏检索
  • 电子资源
  • 读者导购
  • 参考咨询
  • 我的图书馆
  • 登录
  • 详细信息显示
  • 放入我的书架
  • 预约/预借图书
  • 作者相关作品
  • 分类相关作品
  • 丛书相关作品
  • 出版社相关作品

书目信息

  • 表格格式
  • 工作单格式
  • 卡片格式
题名:
数字高程模型
    
 
作者: 李志林 , 林庆 著
分册:  
出版信息: 武汉   武汉大学出版社  2003
页数: 296页
开本: 23cm
丛书名: 数字地球基础丛书
单 册:
中图分类: P216
科图分类:
主题词: 高程系统 , 地形测量 , 高程系统--地形测量--数学模型 , 数学模型
电子资源:
ISBN: 7-307-03950-8
000 00919oam2 2200301 450
001 070025356490
005 20051009081902.65
010    @a7-307-03950-8@dCNY45.00
100    @a20050122d2003 ekmy0chiy0120 ea
101 0  @achi
102    @aCN@b420000
105    @ay z 000yy
200 1  @a数字高程模型@9shu zi gao cheng mo xing@f李志林,林庆著@Fli zhi lin,lin qing zhu
205    @a2版
210    @a武汉@c武汉大学出版社@d2003
215    @a296页@d23cm
225 2  @a数字地球基础丛书
330    @a本书针对数字地形模拟,运用简洁的文字,全面论述了数字高程模型的概念、数据获取、建模方法、精度分析模型等。
461  0 @12001 @a数字地球基础丛书
606 0  @a高程系统
606 0  @a地形测量
606 0  @a高程系统@x地形测量@x数学模型
606 0  @a数学模型
690    @aP216@v4
701  0 @a李志林@Ali zhi lin@4著
701  0 @a林庆@Alin qing@4著
801  0 @aCN@bTSSF@c20051009
905    @a10447@dP216@e102=2
    
    数字高程模型/李志林,林庆著.-2版.-武汉:武汉大学出版社,2003
    296页;23cm.-(数字地球基础丛书)
    
    
    ISBN 7-307-03950-8:CNY45.00
    本书针对数字地形模拟,运用简洁的文字,全面论述了数字高程模型的概念、数据获取、建模方法、精度分析模型等。
●
相关链接 在E读中查询图书 在五车中查询图书 在当当中查询图书 在豆瓣中查询图书


正题名:数字高程模型     索取号:P216/102=2         预约/预借

序号 登录号 条形码 馆藏地/架位号 状态 备注
1 0364766   3647664   第二样本阅览室/ [索取号:P216/102=2] 在馆    
2 0364767   3647673   第三借阅区/ [索取号:P216/102=2] 在馆    
3 0364768   3647682   第三借阅区/ [索取号:P216/102=2] 在馆    
4 0364769   3647691   第三借阅区/ [索取号:P216/102=2] 在馆    
5 0364770   3647708   第三借阅区/ [索取号:P216/102=2] 在馆    
唐山师范学院图书馆 欢迎您!
大连网信软件有限公司© 版权所有